000 00784cam a2200265 4500
001 17656
003 BD-RjUL
005 20211209000155.0
008 140217s1974 nyu 000 1 eng d
020 _a0684137178
035 _a(BD-RjUL)17714
040 _aDLC
_cDLC
_dDLC
_dBD-RjUL
_beng
041 _aeng
082 0 0 _a813.52
_bEND 1974
245 1 4 _aThe enduring Hemingway :
_ban anthology of a lifetime in literature /
_cEdited with an introd. by Charles Scribner, Jr.
260 _aNew York :
_bScribner,
_cc1974
300 _axxix, 864 p. ;
_c24 cm.
350 _a$14.95
650 0 _aThe enduring Hemingway
_954421
700 1 _aScribner, Charles,
_d1921-
_eed.
_954422
942 _2ddc
_cBK
999 _c17656
_d17656